Sports Quiz

Random Sports or MLB Quiz

White Sox players with 180 hits & 100 RBIs Quiz Stats

 Plays Quiz not verified by Sporcle

Support Sporcle.
Go Orange.
Score 0/26 Timer 10:00
0 Plays Today
Year Player % Correct
2000Frank Thomas
97%
1992Frank Thomas
96.9%
1997Frank Thomas
96.9%
1996Frank Thomas
96.9%
2017Jose Abreu
89.9%
2016Jose Abreu
89.9%
2002Magglio Ordonez
80.4%
1999Magglio Ordonez
80.4%
2000Magglio Ordonez
80.4%
2001Magglio Ordonez
80.4%
1920Shoeless Joe Jackson
76%
1998Albert Belle
72%
1985Harold Baines
67.7%
Year Player % Correct
1936Luke Appling
60.8%
2003Carlos Lee
54.5%
1960Minnie Minoso
53.4%
1954Minnie Minoso
53.3%
1933Al Simmons
24.4%
1934Al Simmons
24.4%
1936Zeke Bonura
19.3%
1962Floyd Robinson
17%
1920Happy Felsch
16.5%
1926Bibb Falk
9.6%
1930Carl Reynolds
9.4%
1930Smead Jolley
6.8%
1925Earl Sheely
6.3%

You're not logged in!

Compare scores with friends on all Sporcle quizzes.
OR
Log In

From the Vault

Big 4 No More

by Hejman

There's at least one positive to losing a team, it's much harder to be injured by a giant foam finger.
Remove Ads.
Support Sporcle.
Get the best of Sporcle when you Go Orange. This ad-free experience offers more features, more stats, and more fun while also helping to support Sporcle. Thank you for becoming a member.

Show Comments

Extras

Top Quizzes Today


Score Distribution

Your Account Isn't Verified!

In order to create a playlist on Sporcle, you need to verify the email address you used during registration. Go to your Sporcle Settings to finish the process.

Report this User

Report this user for behavior that violates our Community Guidelines.

Details: